Указ его императорскаго величества самодержца всероссийскаго, (Запись № 10040618)

Подробности
000 -МАРКЕР
контрольное поле 03209nam0a2200409 4500
001 - ИДЕНТИФИКАТОР ЗАПИСИ
контрольное поле RU\NLR\DIGIT\72430
005 - ИДЕНТИФИКАТОР ВЕРСИИ
контрольное поле 20260408065258.0
035 ## - ДРУГИЕ СИСТЕМНЫЕ НОМЕРА
Идентификатор записи (NLR Aleph) 010138243
035 ## - ДРУГИЕ СИСТЕМНЫЕ НОМЕРА
Идентификатор записи RU\NLR\A1\UKAZ\4310
100 ## - ДАННЫЕ ОБЩЕЙ ОБРАБОТКИ
Данные общей обработки 20030129j1800 u y0rusy50 ca
101 0# - ЯЗЫК РЕСУРСА
Язык текста, звукозаписи и т.д. русский
102 ## - СТРАНА ПУБЛИКАЦИИ ИЛИ ПРОИЗВОДСТВА
Страна публикации российская федерация
135 ## - ПОЛЕ КОДИРОВАННЫХ ДАННЫХ: ЭЛЕКТРОННЫЕ РЕСУРСЫ
Кодированные данные для электронного ресурса crbn 001aaaba
200 1# - ЗАГЛАВИЕ И СВЕДЕНИЯ ОБ ОТВЕТСТВЕННОСТИ
Основное заглавие Указ его императорскаго величества самодержца всероссийскаго,
Сведения, относящиеся к заглавию [О рассылке указа о назначении обер-прокурора 3-го департамента Оленина управляющим Юнкерской школой при Сенате]
-- Из Московскаго губернскаго правления,
210 ## - ПУБЛИКАЦИЯ, РАСПРОСТРАНЕНИЕ И ДР.
Место издания, распространения и т.д. [М.
Дата издания, распространения и т.д. июль 1800]
215 ## - ФИЗИЧЕСКАЯ ХАРАКТЕРИСТИКА
Специфическое обозначение материала и объем [1] л.
Размеры
304 ## - ПРИМЕЧАНИЯ, ОТНОСЯЩИЕСЯ К ЗАГЛАВИЮ И СВЕДЕНИЯМ ОБ ОТВЕТСТВЕННОСТИ
Текст примечания Текст начинается словами: Указом Правительствующаго Сената из 1 го департамента губернскому правлению знать дано: Что имянным его императорскаго величества высочайшим указом, объявленным Сенату господином генералом от инфантерии, генерал-прокурором и кавалером Обольяниновым июня в 10 й день...
306 ## - ПРИМЕЧАНИЯ, ОТНОСЯЩИЕСЯ К ПУБЛИКАЦИИ, РАСПРОСТРАНЕНИЮ И ИСПОЛНЕНИЯ ИЗДАНИЯ
Текст примечания В конце текста дата рассылки: Июля дня 1800 года
316 ## - ПРИМЕЧАНИЯ ОБ ОСОБЕННОСТЯХ ЭКЗЕМПЛЯРА
Текст примечания Экз. РНБ входит в конволют с тит. л.: Указы государя императора Павла Перваго, самодержца всероссийскаго. Москва: В Сенатской типографии
Организация и экземпляр, к которому относится поле 18.293.1.1-11
325 ## - ПРИМЕЧАНИЕ О КОПИИ
Текст примечания Копия доступна в Электрон. б-ке РНБ http://vivaldi.nlr.ru/lk000005555/view
517 1# - ДРУГИЕ ВАРИАНТЫ ЗАГЛАВИЯ
Вариант заглавия Указом Правительствующаго Сената из 1 го департамента губернскому правлению знать дано: Что имянным его императорскаго величества высочайшим указом, объявленным Сенату господином генералом от инфантерии, генерал-прокурором и кавалером Обольяниновым июня в 10 й день...
600 #1 - ИМЯ ЛИЦА КАК ПРЕДМЕТ
Начальный элемент ввода Оленин
Часть имени, кроме начального элемента ввода А.Н.
Даты 1763-1843
Расширение инициалов личного имени Алексей Николаевич
610 ## - НЕКОНТРОЛИРУЕМЫЕ ПРЕДМЕТНЫЕ ТЕРМИНЫ
Предметный термин Россия. Законы и постановления
620 ## - МЕСТО И ДАТА ПУБЛИКАЦИИ, ИСПОЛНЕНИЯ И Т. Д.
Город Москва
702 #0 - ИМЯ ЛИЦА - ВТОРИЧНАЯ ОТВЕТСТВЕННОСТЬ
Начальный элемент ввода Павел
Дополнения к именам, кроме дат имп.
Римские цифры I
Даты 1754-1801
Код отношения Подписавшее лицо
710 01 - НАИМЕНОВАНИЕ ОРГАНИЗАЦИИ - ПЕРВИЧНАЯ ОТВЕТСТВЕННОСТЬ
Начальный элемент ввода Россия
Структурное подразделение Император
Идентифицирующий признак 1796-1801; Павел I
Идентификатор авторитетной/нормативной записи RU\NLR\AUTH\8810042744
Системный номер авторитетной/нормативной записи 584938
801 #0 - ИСТОЧНИК ЗАПИСИ
Страна российская федерация
Организация NLR
Дата составления 20030129
852 ## - МЕСТОНАХОЖДЕНИЕ И ШИФР ХРАНЕНИЯ
Идентификатор организации NLR
Адрес 18.293.1.1-11-90
856 #0 - МЕСТОНАХОЖДЕНИЕ ЭЛЕКТРОННЫХ РЕСУРОВ И ДОСТУП К НИМ
Универсальный идентификатор ресурса (Uniform Resource Identifier) http://vivaldi.nlr.ru/lk000005555/view
856 #1 - МЕСТОНАХОЖДЕНИЕ ЭЛЕКТРОННЫХ РЕСУРОВ И ДОСТУП К НИМ
Универсальный идентификатор ресурса (Uniform Resource Identifier) http://vivaldi.nlr.ru/lk000005555/cover
856 #2 - МЕСТОНАХОЖДЕНИЕ ЭЛЕКТРОННЫХ РЕСУРОВ И ДОСТУП К НИМ
Универсальный идентификатор ресурса (Uniform Resource Identifier) http://vivaldi.nlr.ru/lk000005555/text
942 ## - ДОПОЛНИТЕЛЬНЫЕ ЭЛЕМЕНТЫ ЗАПИСИ (АБИС)
Тип экземпляра АБИС Книга
980 ## - КОЛЛЕКЦИЯ
Название коллекции Национальная библиография
981 36 - КОЛЛЕКЦИЯ ЭЛЕКТРОННОЙ БИБЛИОТЕКИ
Название коллекции Цифровой репозиторий РНБ
981 16 - КОЛЛЕКЦИЯ ЭЛЕКТРОННОЙ БИБЛИОТЕКИ
Название коллекции Законодательные акты Российской империи

Нет доступных экземпляров.